كتاب لقطة العجلان : أصول فقه، حكمة، منطق، توحيد / Kitāb Luqṭat al-ʻajlān : uṣūl fiqh, ḥikmah, manṭiq, tawḥīd

محفوظ في:

المؤلف الرئيسي: عبد الله علي.

التنسيق: كتاب

اللغة: Undetermined

منشور في: Qusṭanṭīyah Maṭbaʻat al-Jawāʼib, , 1853

الوسوم: إضافة وسم

لا توجد وسوم, كن أول من يضع وسما على هذه التسجيلة!

رقم الطلب: (R)Q10 HASSAN KHAN

LEADER 00502nam a2200121Ia 4500
008 240404s9999||||xx |||||||||||||| ||und||
050 4 |a (R)Q10 HASSAN KHAN 
100 1 |a عبد الله علي. 
245 1 0 |a كتاب لقطة العجلان : أصول فقه، حكمة، منطق، توحيد / Kitāb Luqṭat al-ʻajlān : uṣūl fiqh, ḥikmah, manṭiq, tawḥīd   |c عبد الله علي 
264 1 |a Qusṭanṭīyah  |b Maṭbaʻat al-Jawāʼib, ,  |c 1853 
300 |a 318  |c 23 
942 |2 lcc  |c BK 
999 |c 58049  |d 58049